| 000 | 01068nam a2200241Ia 4500 | ||
|---|---|---|---|
| 999 |
_c56058 _d56058 |
||
| 001 | 23158 | ||
| 003 | GE_BSU | ||
| 005 | 20230724104618.0 | ||
| 008 | 181216s1973||||ge |||||||||||||| ||geo|| | ||
| 040 | _cGE_BSU | ||
| 041 | _ageo | ||
| 080 | _a821.133.1-32 რ-13 | ||
| 100 |
_aრაბლე, ფრანსუა _916247 |
||
| 245 |
_aგარგანტუა და პანტაგრუელი / _cფრანსუა რაბლე ; თარგმანი : ელ. ბაგრატიონისა ; რედ. და ბოლოსიტყვ. ავტ. : ს. წულაძე. |
||
| 250 | _a1-ლი გამოცემა | ||
| 264 |
_aთბილისი : _bმერანი, _c1973. |
||
| 300 |
_a291 გვ. ; _c20 სმ. |
||
| 541 | _h0,50თ. | ||
| 653 | _aგარგანტუა და პანტაგრუელი | ||
| 700 |
_aბაგრატიონე, ელ. _eმთარგმნელი _919496 |
||
| 700 |
_aწულაძე, ს. _eრედაქტორი _919497 |
||
| 942 |
_cBK _2udc |
||